The morphology of the times : (Record no. 607772)

000 -LEADER
fixed length control field 01159cam a2200325 i 4500
001 - CONTROL NUMBER
control field 18493381
003 - CONTROL NUMBER IDENTIFIER
control field OSt
005 - DATE AND TIME OF LATEST TRANSACTION
control field 20240215123436.0
008 - FIXED-LENGTH DATA ELEMENTS--GENERAL INFORMATION
fixed length control field 150206s2014 gw a b 001 0 eng
010 ## - LIBRARY OF CONGRESS CONTROL NUMBER
LC control number 2015391233
020 ## - INTERNATIONAL STANDARD BOOK NUMBER
International Standard Book Number 9783869223094
035 ## - SYSTEM CONTROL NUMBER
System control number (GyWOH)har140277037
040 ## - CATALOGING SOURCE
Original cataloging agency DLC
Language of cataloging eng
Transcribing agency DLC
Description conventions rda
042 ## - AUTHENTICATION CODE
Authentication code pcc
043 ## - GEOGRAPHIC AREA CODE
Geographic area code e------
050 00 - LIBRARY OF CONGRESS CALL NUMBER
Classification number HT386.E85
Item number H56 2014
082 ## - DEWEY DECIMAL CLASSIFICATION NUMBER
Classification number 307.76094
Author Mark HIN
100 1# - MAIN ENTRY--PERSONAL NAME
Personal name Hinse, Ton,
Relator term author.
9 (RLIN) 120554
245 14 - TITLE STATEMENT
Title The morphology of the times :
Remainder of title European cities and their historical growth /
Statement of responsibility, etc. Ton Hinse.
260 ## - PUBLICATION, DISTRIBUTION, ETC.
Place of publication, distribution, etc. Berlin.
Name of publisher, distributor, etc. Dom,
Date of publication, distribution, etc. 2014.
300 ## - PHYSICAL DESCRIPTION
Extent 303 pages :
Other physical details many illustrations (chiefly color) ;
Dimensions 23 cm.
490 0# - SERIES STATEMENT
Series statement Grundlagen (Berlin, Germany) ;
Volume/sequential designation v. 30
504 ## - BIBLIOGRAPHY, ETC. NOTE
Bibliography, etc. note Includes bibliographical references (pages 297-303) and indexes.
650 #0 - SUBJECT ADDED ENTRY--TOPICAL TERM
Topical term or geographic name entry element Cities and towns
Geographic subdivision Europe
General subdivision History.
9 (RLIN) 120555
650 #0 - SUBJECT ADDED ENTRY--TOPICAL TERM
Topical term or geographic name entry element Cities and towns
General subdivision Growth.
9 (RLIN) 24240
650 #0 - SUBJECT ADDED ENTRY--TOPICAL TERM
Topical term or geographic name entry element City planning
Geographic subdivision Europe.
9 (RLIN) 24320
906 ## - LOCAL DATA ELEMENT F, LDF (RLIN)
a 7
b cbc
c origres
d 3
e ncip
f 20
g y-gencatlg
942 ## - ADDED ENTRY ELEMENTS (KOHA)
Source of classification or shelving scheme
Koha item type Book
Institution code [OBSOLETE] SADA
Call number prefix 307.76094 HIN 2014
Holdings
Withdrawn status Lost status Source of classification or shelving scheme Damaged status Not for loan Permanent Location Current Location Date acquired Source of acquisition Total Checkouts Full call number Barcode Date last seen Cost, replacement price Price effective from Koha item type
          School of Art Design and Architecture (SADA) School of Art Design and Architecture (SADA) 01/05/2017 S.A.Rehman   307.76094 HIN 2014 SADA0002692 02/15/2024 1173.48 02/15/2024 Book
© 2023 Central Library, National University of Sciences and Technology. All Rights Reserved.